000 01016cam a2200277 a 4500
003 EG-GiCUC
005 20250223030421.0
008 110528s1996 ua dh f m 000 0 eng d
040 _aEG-GiCUC
_beng
_cEG-GiCUC
041 0 _aeng
049 _aDeposite
097 _aM.Sc
099 _aCai01.11.10.M.Sc.1996.Eh.P
100 0 _aEhab Elsaid Noor Eldeen Aly
245 1 0 _aPhototherapy in dermatology /
_cEhab Elsaid Noor Eldeen Aly ; Supervised Bakr Elzawahry , Sherine Sobeih
246 1 5 _aالمعالجة بالضوء فى الأمراض الجلدية
260 _aCairo :
_bEhab Elsaid Noor Eldeen Aly ,
_c1996
300 _a202 Leaves :
_bcharts , facsimiles ;
_c30cm
502 _aThesis (M.Sc.) - Cairo University - Faculty of Medicine - Department of Dermatology and Venerology
700 0 _aBakr Elzawahry ,
_eSupervisor
700 0 _aSherine Sobeih ,
_eSupervisor
856 _uhttp://172.23.153.220/th.pdf
905 _aFatma
_eCataloger
905 _aNazla
_eRevisor
942 _2ddc
_cTH
999 _c34226
_d34226